| Tag |
First Indicator |
Second Indicator |
Subfields |
| LEADER |
00000cam a2200000 a 4500 |
| 001 |
in00001199708 |
| 005 |
20151002060615.0 |
| 008 |
930610s1993 miu bd 001 0ceng |
| 010 |
|
|
|a 93005352
|
| 015 |
|
|
|a GB93-53023
|
| 019 |
|
|
|a 29222393
|
| 020 |
|
|
|a 1558622004
|
| 035 |
|
|
|a (OCoLC)28419644
|
| 035 |
|
|
|9 AGJ0880AM
|
| 040 |
|
|
|a DLC
|c DLC
|d UKM
|d OCL
|d UtOrBLW
|
| 049 |
|
|
|a TXAM
|
| 050 |
0 |
0 |
|a PN51
|b .C6235 1993
|
| 082 |
0 |
0 |
|a 809/.04
|a B
|2 20
|
| 245 |
0 |
0 |
|a Contemporary world writers /
|c preface, Susan Bassnett ; editor, Tracy Chevalier.
|
| 250 |
|
|
|a 2nd ed.
|
| 264 |
|
1 |
|a Detroit :
|b St. James Press,
|c [1993]
|
| 264 |
|
4 |
|c ©1993
|
| 300 |
|
|
|a xiv, 686 pages ;
|c 29 cm.
|
| 336 |
|
|
|a text
|b txt
|2 rdacontent
|
| 337 |
|
|
|a unmediated
|b n
|2 rdamedia
|
| 338 |
|
|
|a volume
|b nc
|2 rdacarrier
|
| 500 |
|
|
|a Revised edition of: Contemporary foreign language writers. 1st edition 1984.
|
| 500 |
|
|
|a Contains biographical and bibliographical information on 345 authors.
|
| 504 |
|
|
|a Includes bibliographical references and indexes.
|
| 650 |
|
0 |
|a Authors
|v Biography
|x Dictionaries.
|
| 650 |
|
0 |
|a Literature, Modern
|y 20th century
|v Bio-bibliography
|x Dictionaries.
|
| 653 |
0 |
|
|a Literature
|
| 700 |
1 |
|
|a Chevalier, Tracy.
|
| 730 |
0 |
|
|a Contemporary foreign language writers.
|
| 999 |
|
|
|a MARS
|
| 999 |
f |
f |
|s 2a8d30f0-2aa3-321c-a2ad-4891ed3eee32
|i 4a578f8a-59f2-38d8-b928-73f96a0cb7a6
|t 0
|
| 952 |
f |
f |
|p ric
|a Texas A&M University
|b Rellis Campus
|c Joint Library Facility
|d Remote Storage
|t 0
|e PN51 .C6235 1993
|h Library of Congress classification
|i unmediated -- volume
|m A14818867895
|
| 998 |
f |
f |
|a PN51 .C6235 1993
|t 0
|l Remote Storage
|